000 00479nam a2200181Ia 4500
008 231217s9999 xx 000 0 und d
020 _a813170162X
041 _aEnglish
082 _a001.6424JAV HOR1.1;6
100 _aHorstmann, Cay S Cornell, Gary
245 0 _aCore Java 2 V.1 : fundamentals
250 _a7th ed.
260 _c2005
_bPearson Education
_aNew Delhi
300 _a784
500 _aContent page available
650 _aCore,Java,V.1,:
942 _cAA
999 _c179206
_d179206